Slovenské poznávací značky vozidel - Statistics

General Stats
  • This quiz has been taken 75 times
  • The average score is 84 of 93
Answer Stats
Okres EČV % Correct
Bratislava I BA
100%
Banská Bystrica I BB
100%
Sabinov SB
98%
Senica SE
98%
Spišská Nová Ves SN
98%
Brezno BR
96%
Banská Štiavnica BS
96%
Detva DT
96%
Ilava IL
96%
Lučenec LC
96%
Levoča LE
96%
Levice I LV
96%
Malacky MA
96%
Partizánske PE
96%
Prešov I PO
96%
Poltár PT
96%
Šaľa SA
96%
Senec SC
96%
Svidník SK
96%
Stará Ľubovňa SL
96%
Trenčín I TN
96%
Topoľčany TO
96%
Turčianske Teplice TR
96%
Bratislava II BL
94%
Bratislava III BT
94%
Čadca CA
94%
Dolný Kubín DK
94%
Dunajská Streda DS
94%
Kežmarok KK
94%
Liptovský Mikuláš LM
94%
Martin MT
94%
Myjava MY
94%
Nové Mesto nad Váhom NM
94%
Púchov PU
94%
Ružomberok RK
94%
Rimavská Sobota RS
94%
Skalica SI
94%
Stropkov SP
94%
Trebišov TV
94%
Veľký Krtíš VK
94%
Zlaté Moravce ZM
94%
Zvolen ZV
94%
Galanta GA
92%
Gelnica GL
92%
Krupina KA
92%
Kysucké Nové Mesto KM
92%
Komárno KN
92%
Michalovce MI
92%
Námestovo NO
92%
Nitra I NR
92%
Nové Zámky I NZ
92%
Prievidza PD
92%
Poprad PP
92%
Prešov III PS
92%
Revúca RA
92%
Sobrance SO
92%
Žilina I ZA
92%
Žiar nad Hronom ZH
92%
Bánovce nad Bebravou BN
90%
Bytča BY
90%
Hlohovec HC
90%
Humenné HE
90%
Košice II KC
90%
Košice I KE
90%
Nitra III NT
90%
Považská Bystrica PB
90%
Pezinok PK
90%
Prešov II PV
90%
Rožňava RV
90%
Tvrdošín TS
90%
Trnava I TT
90%
Vranov nad Topľou VT
90%
Žilina II ZI
90%
Košice-okolie KS
88%
Medzilaborce ML
88%
Piešťany PN
88%
Trnava II TA
88%
Trenčín III TE
88%
Žilina III ZL
88%
Bardejov BJ
86%
Nitra II NI
86%
Snina SV
86%
Žarnovica ZC
84%
Banská Bystrica II BC
82%
Košice III KI
82%
Trenčín II TC
80%
Bratislava IV BD
78%
Bratislava VI BI
78%
Bratislava V BE
74%
Trnava III TB
74%
Banská Bystrica III BK
72%
Levice II LL
72%
Nové Zámky II NC
54%
No matching quizzes found
Score Distribution
Percent of People with Each Score
Percentile by Number Answered
Your Score History
You have not taken this quiz